| 000 | 00430pab a2200145 454500 | ||
|---|---|---|---|
| 008 | 180718b2004 xxu||||| |||| 00| 0 eng d | ||
| 100 | _aBeld, JO Michelle | ||
| 245 | _aInformed participants or plainclothes police? Administrative agencies in the child support policy-making process | ||
| 260 | _c2004 | ||
| 300 | _ap.3-5. | ||
| 362 | _aJan | ||
| 650 | _aPolice | ||
| 773 | _aPS: Political Science and Politics | ||
| 909 | _a60786 | ||
| 999 |
_c60786 _d60786 |
||